000 00403 a2200169 4500
001 192815
020 _a978-85-7406-774-2
040 _cMagnum
100 _aMeschenmoser, Sebastian
240 1 0 _aTrês desejos para o sr. pug
_lpor
245 1 0 _aTrês desejos para o sr. pug
300 _a40
362 0 _a2017
440 1 _aCompanhia das Letrinhas
697 _aLITERATURA INFANTIL
942 _cBK
999 _c192815
_d192815